00402nam a22001337a 4500003000400000005001700004008004100021020001800062040002800080100002400108245008000132260004800212300000800260OSt20250303161900.0250303b |||||||| |||| 00| 0 eng d a9788131756874 cIIMT UNIVERSITY, MEERUT aVogel Arthur Israel aElementary Practical Organic Chemistry: Qualitative Organic Analysis Part 2 aNEW DELHIb Pearson Education Limitedc2010 a431